LEADER 01054nam a2200265 i 4500 001 000000167066 003 CaOOAMICUS 005 20071122000000.0 008 071122s1971 it u000 u ita u 013 $a144437 040 $aSeMil$bita 245 10$aMa lo conosci davvero il Papa? :$bprofilo intimo di Paolo 6 /$cA cura di Raimondo Sorgia. 260 $aSiena :$bCantagalli,$cstampa 1971. 300 $a218 p. ;$c19 cm. 490 0 $aCapire ;$v14 500 $aFondo Card. Giovanni Colombo. 600 04$aPaolo VI .$0(OLS)http://semarc/subject/713 700 1 $aSorgia, Raimondo .$0(OLS)http://semarc/name/90199 830 0$aCapire ;$v14.$0(OLS)http://semarc/title/24755 850 $aSeMil 852 $aSeMil$W1$xVenegono$y1$m2A I 8$j118226$B118226$CSeMilBibl$Z2$F129305 $81 941 1 $a3 961 $aLascito: Colombo Card. Giovanni 996 $6245$aMa lo conosci davvero il Papa? :$bprofilo intimo di Paolo 6$9(OLS)http://semarc/title/238894 996 $6260$aSiena :$bCantagalli$9(OLS)http://semarc/publisher/29767 LEADER 01097nam a2200253 i 4500 001 000000204376 003 CaOOAMICUS 005 20170123000000.0 008 170123s1963 it u000 u ita u 013 $a183096 040 $aSeMil$bita 100 1 $aRice, David Talbot.$0(OLS)http://semarc/name/57324 245 10$aAffreschi medioevali in Jugoslavia /$ctesto di David Talbot Rice. 260 $aMilano :$bSilvana Editoriale d'Arte,$c1963. 300 $a24 p., 28 c. di tav. :$bill. ;$c17 cm. 490 0 $aArte per tutti ;$v6 500 $aIn calce al front. : in collaborazione con l'UNESCO. 650 4$aPittura - Jugoslavia - Kosovo.$0(OLS)http://semarc/subject/20529 830 0$aArte per tutti ;$v6.$0(OLS)http://semarc/title/22093 850 $aSeMil 852 $aSeMil$W1$xVenegono$y1$m5R I 193$j154870$B154870$CSeMilBibl$Z2$F216353 $81 961 $aOmaggio: Grampa dott. Cesare 996 $6245$aAffreschi medioevali in Jugoslavia$9(OLS)http://semarc/title/409508 996 $6260$aMilano :$bSilvana Editoriale d'Arte$9(OLS)http://semarc/publisher/34189